| 000 | 00767nac a22002171u 4500 | ||
|---|---|---|---|
| 010 | _a 75313525 | ||
| 020 | _a0393092488 : | ||
| 022 | _a393093905 | ||
| 082 | 0 | 0 |
_a338.5 _bM3176 |
| 090 |
_c3007 _d3007 |
||
| 100 | _aMansfield, Edwin. | ||
| 245 | 1 | 0 |
_aMicroeconomic problems : _bconcepts, cases, and tests / _cEdwin Mansfield. |
| 260 |
_aNew York : _bNorton, _c[1971] |
||
| 300 |
_a288 p. : _bill. ; _c26 cm. |
||
| 500 | _aDonations . | ||
| 500 | _aDonations - Dr. Mostafa Gouda. | ||
| 504 | _aIncludes bibliographical references. | ||
| 650 | 0 |
_aMicroeconomics _xProblems, exercises, etc. |
|
| 942 |
_cBB _k338.5M3176 |
||
| 999 |
_c3007 _d3007 |
||